000 01238nam a2200313 i 4500
003 EG-GICUC
005 20260402214434.0
008 260402s19851405su ||||fr|||| 00| 0 ara d
040 _a EG-GICUC
_bara
_c EG-GICUC
_d EG-GICUC
_erda
041 _aara
082 0 4 _221
_a343.91
_bأ ح . د
092 0 4 _221
099 _aLaw1 10 343.91 أ ح . د 1985
100 0 _aأحمد سعيد صوان
_eمؤلف.
245 1 0 _aدورة العلوم الجنائية لضباط الأمن العام :
_bمحاضرات فى التشريع الجنائي الاسلامى /
_cأعداد أحمد سعيد صوان.
264 1 _aالرياض :
_bجامعة الملك سعود،
_c1985.
300 _a149 صفحة ;
_c24 سم.
336 _2rda content
_atext
337 _2rda media
_aComputer
338 _2rda carrier
_aOnline Resource
504 _aيشتمل على إرجاعات ببليوجرافية.
546 _aالنص باللغة العربية
650 1 _aالقانون الجنائي
650 1 _aالنظام الجنائي الإسلامي
650 1 _aالتشريع الجنائي الاسلامى
856 4 0 _uhttps://fll.law.cu.edu.eg/fulltext/bks/B10-08595.pdf
905 _a43
942 _2ddc
_n0
_cBK
_e21
999 _c68518
_d68518